[Event "Titled Tuesday intern op 7th March"]
[Site "Chess.com INT"]
[Date "2017.03.07"]
[Round "10"]
[White "Nebolsina, Vera"]
[Black "Robin, Samy"]
[Result "1/2-1/2"]
[WhiteElo "2257"]
[BlackElo "2282"]
[PlyCount "129"]
[EventDate "2017.03.07"]
[EventType "swiss (blitz)"]
[EventRounds "11"]
[EventCountry "USA"]
[SourceTitle "EXT 2021"]
[Source "ChessBase"]
[SourceDate "2020.10.23"]
[SourceVersion "1"]
[SourceVersionDate "2020.10.23"]
[SourceQuality "1"]

1. e4 g6 2. d4 Bg7 3. c3 e6 4. Bd3 Ne7 5. f4 d5 6. e5 c5 7. Nf3 cxd4 8. Nxd4 Nbc6 9. Be3 Nxd4 10. Bxd4 Nc6 11. Bc2 0-0 12. 0-0 Nxd4 13. Qxd4 f6 14. Nd2 Bd7 15. Rae1 fxe5 16. fxe5 Rxf1+ 17. Rxf1 Bb5 18. Rf2 Qc7 19. Nf3 Rf8 20. Qg4 Bd7 21. Qd4 a6 22. h4 Be8 23. Qg4 Qf7 24. Qg3 Qf4 25. Qxf4 Rxf4 26. g3 Rf8 27. Bb3 Bc6 28. Bc2 Bb5 29. Kg2 Bc6 30. g4 Rf7 31. Kg3 Bf8 32. Ng5 Rxf2 33. Kxf2 Bd7 34. Ke3 Be7 35. Kd4 Kg7 36. Nf3 h6 37. Bb3 Kf7 38. c4 dxc4 39. Bxc4 Bc6 40. Be2 Bxf3 41. Bxf3 Bxh4 42. Bxb7 Bf2+ 43. Kc4 a5 44. Kb5 Be1 45. a3 h5 46. gxh5 gxh5 47. b4 axb4 48. axb4 Bc3 49. Bg2 Bxe5 50. Kc6 Kf6 51. b5 Kg5 52. Kd7 Kf6 53. b6 h4 54. b7 Kg5 55. Kxe6 Kf4 56. Bh3 Bb8 57. Kd5 Kg3 58. Bd7 Kf2 59. Kc6 Kf3 60. Bc8 h3 61. Bxh3 Ke4 62. Kd7 Kd5 63. Kc8 Bh2 64. b8Q Bxb8 65. Kxb8 1/2-1/2

[Event "Titled Tuesday intern op 7th Febr"]
[Site "Chess.com INT"]
[Date "2017.02.07"]
[Round "4"]
[White "Movileanu, Daniela"]
[Black "Robin, Samy"]
[Result "1-0"]
[WhiteElo "2213"]
[BlackElo "2272"]
[PlyCount "39"]
[EventDate "2017.02.07"]
[EventType "swiss (blitz)"]
[EventRounds "9"]
[EventCountry "USA"]
[SourceTitle "EXT 2021"]
[Source "ChessBase"]
[SourceDate "2020.10.23"]
[SourceVersion "1"]
[SourceVersionDate "2020.10.23"]
[SourceQuality "1"]

1. e4 g6 2. d4 Bg7 3. Nf3 e6 4. Be2 Ne7 5. 0-0 d5 6. e5 0-0 7. c4 b6 8. Nc3 Bb7 9. Be3 dxc4 10. Bxc4 h6 11. Rc1 Nf5 12. Qe2 Nxe3 13. Qxe3 Nd7 14. Rfd1 Qe7 15. d5 exd5 16. Nxd5 Bxd5 17. Bxd5 Rac8 18. e6 Ne5 19. Nxe5 fxe6 20. Nxg6 1-0

[Event "Titled Tuesday intern op 7th Febr"]
[Site "Chess.com INT"]
[Date "2017.02.07"]
[Round "2"]
[White "Robin, Samy"]
[Black "Sztokbant, Bernardo Vainzoff"]
[Result "0-1"]
[WhiteElo "2272"]
[BlackElo "2172"]
[PlyCount "74"]
[EventDate "2017.02.07"]
[EventType "swiss (blitz)"]
[EventRounds "9"]
[EventCountry "USA"]
[SourceTitle "EXT 2021"]
[Source "ChessBase"]
[SourceDate "2020.10.23"]
[SourceVersion "1"]
[SourceVersionDate "2020.10.23"]
[SourceQuality "1"]

1. d4 d5 2. Nc3 Nf6 3. e4 dxe4 4. f3 exf3 5. Nxf3 g6 6. Bg5 Bg7 7. Qd2 0-0 8. 0-0-0 Bf5 9. h3 c5 10. d5 Ne4 11. Nxe4 Bxe4 12. Be2 Qb6 13. c3 Qa5 14. a3 Rd8 15. c4 Qxd2+ 16. Rxd2 f6 17. Be3 Nd7 18. Re1 f5 19. Ng5 Nf6 20. Ne6 Rdc8 21. Nxc5 Bxg2 22. Nxb7 Nxd5 23. Bd4 e5 24. Bg1 Bh6 25. Nd6 Rc6 26. Nb5 a6 27. Nc3 Nxc3 28. bxc3 Rd8 29. Red1 Rxd2 30. Rxd2 Rd6 31. Bd4 exd4 32. c5 Bxd2+ 33. Kxd2 Rd5 34. cxd4 Rxd4+ 35. Kc3 Re4 36. Bc4+ Kg7 37. Kb4 Bf1 0-1

[Event "Avoine op 30th"]
[Site "Avoine"]
[Date "2015.07.23"]
[Round "6"]
[White "Gao, Etienne"]
[Black "Robin, Samy"]
[Result "0-1"]
[WhiteElo "1817"]
[BlackElo "2247"]
[PlyCount "96"]
[EventDate "2015.07.18"]
[EventType "swiss"]
[EventRounds "9"]
[EventCountry "FRA"]
[SourceTitle "EXT 2016"]
[Source "ChessBase"]
[SourceDate "2015.10.08"]
[SourceVersion "1"]
[SourceVersionDate "2015.10.08"]
[SourceQuality "1"]

1. e4 g6 2. d4 Bg7 3. Nf3 d6 4. Bc4 Nf6 5. Nc3 0-0 6. 0-0 c6 7. Bb3 a5 8. Re1 Na6 9. Bg5 h6 10. Bxf6 exf6 11. h3 f5 12. e5 d5 13. Ne2 Nc7 14. a4 Ne6 15. c4 dxc4 16. Bxc4 Qb6 17. Qb3 Qxb3 18. Bxb3 Rd8 19. Rad1 b6 20. Nc3 Bb7 21. Ba2 Bf8 22. d5 cxd5 23. Nxd5 Bc5 24. Nf6+ Kg7 25. Bd5 Bxd5 26. Nxd5 Ra7 27. Nf6 Raa8 28. Kf1 Bb4 29. Rxd8 Rxd8 30. Rb1 Nc5 31. b3 Rd3 32. Ke2 Rxb3 33. Rxb3 Nxb3 34. Nd7 Bc5 35. Ne1 Nc1+ 36. Kf3 Na2 37. Nxc5 bxc5 38. Ke3 Nc3 39. Kd3 Nxa4 40. Kc4 Nb6+ 41. Kxc5 Nd7+ 42. Kb5 Nxe5 43. Kxa5 f4 44. Kb4 f3 45. gxf3 Kf6 46. Kc3 Kg5 47. Ng2 Nxf3 48. Kd3 Ng1 0-1